| 000 | 00721nam a2200205 a 4500 | ||
|---|---|---|---|
| 001 | 000042646 | ||
| 005 | 20201002040309.0 | ||
| 008 | 140203s2001 sp 000 p spa d | ||
| 040 |
_aDO-SdBNP _bspa _cBNPHU |
||
| 041 | 1 | 7 |
_aspa _bpol |
| 100 | 1 |
_aSampaio, Ernesto _969922 |
|
| 240 | 1 | 0 |
_aA procura Do Silêncio _lEspañol-Portugués |
| 245 | 1 | 3 |
_aLa Búsqueda del Silencio. / _cErnesto Sampaio; traducción, Perfecto E. Cuadrado. |
| 260 |
_a[Mérida], [España] : _bJunta de Extremadura, _c2001. |
||
| 300 |
_a53 p. ; _c20 cm. |
||
| 490 | 1 |
_aLa estirpe de los argonautas _v5 |
|
| 500 | _aIncluye datos biografícos del autor | ||
| 700 | 1 |
_aCuadrado, Perfecto E. _969923 |
|
| 830 | 0 |
_aLa estirpe de los argonautas _v5 _969924 |
|
| 999 |
_c42135 _d42135 |
||